000 00489nam a2200205Ia 4500
001 13160
003 GE_BSU
008 181216s||||||||xx |||||||||||||| ||und||
040 _cGE_BSU
080 _a631.4
100 _aКачинский,Н.А.
245 _aПочва
245 _cРед.М.Глухов и Кавун П.
260 _aМосква
260 _bСельхозгиз
260 _c1940
300 _a98стр.илл.20см.
653 _aПочва
942 _cBK
999 _c46324
_d46324